Исследование по разработке полярографического метода определения ультрамикропримессей в олове и индии высокой частоты (за 2 и 3 этапы): отчет о НИР; тема: № 97/60

Bibliographic Details
Corporate Author: Томский политехнический институт (595)
Other Authors: Захаров М. С. (исполнитель), Стромберг А. Г. Армин Генрихович (руководитель)
Language:Russian
Published: Томск, 1962
Subjects:
Format: Book
KOHA link:https://koha.lib.tpu.ru/cgi-bin/koha/opac-detail.pl?biblionumber=180729

MARC

LEADER 00000nbm0a2200000 4500
001 180729
005 20240222091749.0
035 |a (RuTPU)RU\TPU\book\195925 
090 |a 180729 
100 |a 20100525d1962 k y0rusy50 ca 
101 0 |a rus 
102 |a RU 
105 |a a p 001zy 
200 1 |a Исследование по разработке полярографического метода определения ультрамикропримессей в олове и индии высокой частоты (за 2 и 3 этапы)  |e отчет о НИР  |e тема: № 97/60  |f Томский политехнический институт (ТПИ) ; руководитель А. Г. Стромберг ; М. С. Захаров 
210 |a Томск  |d 1962 
215 |a 7 л. 
610 1 |a отчеты о НИР 
610 1 |a полярографический метод 
610 1 |a ультрамикропримеси 
610 1 |a олово 
610 1 |a индий 
610 1 |a исследование 
610 1 |a разработка 
610 1 |a труды учёных ТПУ 
675 |a 621.7м.6  |v 3 
675 |a 545.8  |v 3 
702 1 |a Захаров  |b М. С.  |4 677 
702 1 |a Стромберг  |b А. Г.  |c химик, специалист в области классической полярографии и инверсионной вольтамперометрии  |c профессор Томского политехнического института  |f 1910-2004  |g Армин Генрихович  |3 (RuTPU)RU\TPU\pers\11188  |4 673  |9 2478 
712 0 2 |a Томский политехнический институт  |c (1944-1991)  |3 (RuTPU)RU\TPU\col\1123  |4 595  |9 23521 
801 1 |a RU  |b 63413507  |c 20100525 
801 2 |a RU  |b 63413507  |c 20110603  |g RCR 
942 |c BK